书目信息 |
| 题名: |
土壤污染生态修复实验技术
|
|
| 作者: | 王友保 主编 | |
| 分册: | ||
| 出版信息: | 北京 科学出版社 2018.11 |
|
| 页数: | 160页 | |
| 开本: | 26cm | |
| 丛书名: | ||
| 单 册: | ||
| 中图分类: | X530.5-33 | |
| 科图分类: | ||
| 主题词: | 土壤污染--tu rang wu ran--生态恢复--实验 | |
| 电子资源: | ||
| ISBN: | 978-7-03-059678-9 | |
| 000 | 01011nam0 2200241 450 | |
| 001 | 202019137409 | |
| 005 | 20191026133320.0 | |
| 010 | @a978-7-03-059678-9@dCNY59.00 | |
| 100 | @a20191022d2018 em y0chiy50 ea | |
| 101 | 0 | @achi |
| 102 | @aCN@b110000 | |
| 105 | @aak a 000yy | |
| 106 | @ar | |
| 200 | 1 | @a土壤污染生态修复实验技术@Atu rang wu ran sheng tai xiu fu shi yan ji shu@f王友保主编 |
| 210 | @a北京@c科学出版社@d2018.11 | |
| 215 | @a160页@c图@d26cm | |
| 320 | @a有书目 (第154-160页) | |
| 330 | @a本书系统介绍了我国目前土壤污染与生态修复研究现状, 并从土壤和植物样品的采集和制备、土壤基本理化因子分析、植物对环境污染的耐性与可塑性、植物体内重金属含量及富集测定、土壤酶活性与土壤呼吸强度的测定、土壤重金属形态分布和吸附解吸特性检测、土壤微生物分析等方面介绍了目前土壤污染与生态修复研究一些实验方法。 | |
| 606 | 0 | @a土壤污染@Atu rang wu ran@x生态恢复@x实验 |
| 690 | @aX530.5-33@v5 | |
| 701 | 0 | @a王友保@Awang you bao@4主编 |
| 801 | 0 | @aCN@c20190905 |
| 905 | @a河南城建学院图书馆@dX530.5-33@eW430 | |
| 土壤污染生态修复实验技术/王友保主编.-北京:科学出版社,2018.11 |
| 160页:图;26cm |
| ISBN 978-7-03-059678-9:CNY59.00 |
| 本书系统介绍了我国目前土壤污染与生态修复研究现状, 并从土壤和植物样品的采集和制备、土壤基本理化因子分析、植物对环境污染的耐性与可塑性、植物体内重金属含量及富集测定、土壤酶活性与土壤呼吸强度的测定、土壤重金属形态分布和吸附解吸特性检测、土壤微生物分析等方面介绍了目前土壤污染与生态修复研究一些实验方法。 |
| ● |
| 相关链接 |
|
|
|
正题名:土壤污染生态修复实验技术
索取号:X530.5-33/W430
 
预约/预借
| 序号 | 登录号 | 条形码 | 馆藏地/架位号 | 状态 | 备注 |
| 1 | 1445982 | 214459824 | 自科库501/501自科库 102排1列4层/ [索取号:X530.5-33/W430] | 在馆 | |
| 2 | 1445983 | 214459833 | 期刊室512/501自科库 102排1列4层/ [索取号:X530.5-33/W430] | 在馆 |